Central Library OPAC University of Rajshahi

The barbarians / (Record no. 79736)

MARC details
000 -LEADER
fixed length control field 00646nam a22002533 4500
001 - CONTROL NUMBER
control field 79736
003 - CONTROL NUMBER IDENTIFIER
rucl marc code BD-RjUL
005 - DATE AND TIME OF LATEST TRANSACTION
control field 20220420113814.0
008 - FIXED-LENGTH DATA ELEMENTS--GENERAL INFORMATION
fixed length control field 220420s1915 enk 000 0
035 ## - SYSTEM CONTROL NUMBER
System control number (BD-RjUL)79736
040 ## - CATALOGING SOURCE
Original cataloging agency BD-RjUL
Language of cataloging eng
Transcribing agency BD-RjUL
041 ## - LANGUAGE CODE
Language code of text/sound track or separate title eng
082 ## - DEWEY DECIMAL CLASSIFICATION NUMBER
Edition number 23
Classification number 823
Author mark and year BLB 1915
100 1# - MAIN ENTRY--PERSONAL NAME
Personal name Blyth, James
Dates associated with a name 1864-1933
9 (RLIN) 2608
245 14 - TITLE STATEMENT
Title The barbarians /
Statement of responsibility, etc. James Blyth
260 ## - PUBLICATION, DISTRIBUTION, ETC. (IMPRINT)
Place of publication, distribution, etc. Lond.
Date of publication, distribution, etc. 1915
300 ## - PHYSICAL DESCRIPTION
Size 319 p.;
Illustrations 20 cm.
650 ## - SUBJECT ADDED ENTRY--TOPICAL TERM
Topical term or geographic name as entry element English fiction
Topical term or geographic name as entry element Manners and customs
9 (RLIN) 2267
Topical term or geographic name as entry element Marriage
690 00 - LOCAL SUBJECT ADDED ENTRY--TOPICAL TERM (OCLC, RLIN)
Topical term or geographic name as entry element English literature
752 ## - ADDED ENTRY--HIERARCHICAL PLACE NAME
Country or larger entity England
City London
942 ## - ADDED ENTRY ELEMENTS (KOHA)
Source of classification or shelving scheme Dewey Decimal Classification
Koha item type Books
Holdings
Lost status Source of classification or shelving scheme Damaged status Not for loan Collection code Permanent Location Current Location Shelving location Date acquired Source of acquisition Full call number Date last seen Copy number Koha item type
  Dewey Decimal Classification   Not For Loan Fiction Central Library, University of Rajshahi Central Library, University of Rajshahi Reading Room 16/02/1957 Puthia raj. Estate 823 BLB 1915 20/04/2022 C-1 Books